Najbardziej Dochodowe Gminy w Województwie Warmińsko-Mazurskim - Statystyki

Ogólne statystyki
  • Ten quiz został rozwiązany 29 razy
  • Średni wynik to 5 z 10
Statystyki odpowiedzi
Hint Odpowiedź % Poprawnych
10 Olsztyn
100%
2 Elbląg
91%
7 Ełk
74%
1 Stawiguda
65%
4 Giżycko
57%
6 Dywity
35%
9 Lubawa
30%
3 Jonkowo
22%
8 Jedwabno
9%
5 Płoskinia
4%
Nie znaleziono quizów pasujących do podanych kryteriów
Rozkład punktacji
Procent ludzi z każdym wynikiem
Percentyl według liczby udzielonych odpowiedzi
Twoja historia wyników
Nie rozwiązałeś tego quizu